000
00243nam a2200097Ia 4500
001
807742
005
20250826171237.0
008
250824s9999 xx 000 0 und d
245
0
_a
KABENİN HAKİKATİ
_c
CEMALNUR SARGUT
260
_b
NEFES YAYINLARI
999
_c
807742
_d
807742